| 000 | 00938nac a22002891i 4500 | ||
|---|---|---|---|
| 003 | EG-ScBUE | ||
| 005 | 20230112112013.0 | ||
| 008 | 130120t2004 sz a f 001 0 eng d | ||
| 020 | _a2880467888 | ||
| 020 | _a9782880467883 | ||
| 040 |
_aEG-ScBUE _beng _erda _cEG-ScBUE _dEG-ScBUE |
||
| 082 | 0 | 4 |
_a747.94 _bHAN _222 |
| 100 | 1 |
_aHanan, Ali, _eauthor. _931915 |
|
| 245 | 1 | 0 |
_aColor match for home interiors / _bAli Hanan. |
| 264 | 1 |
_aMies, Switzerland : _bRotoVision, _c[2004] |
|
| 264 | 4 | _cc2004 | |
| 300 |
_a144 pages : _bcolor illustrations ; _c22 cm |
||
| 336 |
_2rdacontent _atext _btxt |
||
| 337 |
_2rdamedia _aunmediated _bn |
||
| 338 |
_2rdacarrier _avolume _bnc |
||
| 500 | _aIncludes index. | ||
| 500 | _aBook and accompanying spiral-bound flip chart are bound inside hard cover (26 cm.) | ||
| 650 | 7 |
_aColor in interior decoration. _2BUEsh _911276 |
|
| 653 | _bART | ||
| 655 | _vReading book | ||
| 942 |
_cBB _2ddc |
||
| 999 |
_c3232 _d3232 |
||